000 00735nam a2200277Ia 4500
001 28617
005 20240114001058.0
007 ta
008 060614s333 g b000 u be u
040 _aCotton College,Assam
041 _abe
082 _a181.48
_bSa 74 V
100 _aSaraswati, Pragyananda .
245 0 _aVedanta Darshaner Itihash /
_cPragyananda Saraswati.
_hTextual Documents
250 _a1st ed. /
260 _aBarisal :
_bN. Gangopadhya ,
_c1333 Bangabda.
300 _a696p. ;
_c22cm.
653 _aIndian Philosophy
653 _aVedanta Philosophy
653 _aG-Philosophy
942 _2ddc
_cBK
999 _c28599
_d28599